banner koha

O Adlay na alimentacao nacional (Registro n. 286995)

MARC details
000 -LÍDER
campo de controle de tamanho fixo 00874nac a22002657a 4500
001 - NÚMERO DE CONTROLE
campo de controle BR6005029
003 - IDENTIFICADOR DO NÚMERO DE CONTROLE
campo de controle BR-BrBNA
005 - DATA E HORÁRIO DA ÚLTIMA TRANSAÇÃO
campo de controle 20240105121720.0
008 - CAMPO DE DADOS FIXOS--INFORMAÇÃO GERAL
campo de controle de tamanho fixo 230509b bl.|||m| |||| 00| 0 por d
040 ## - FONTE DA CATALOGAÇÃO
Instituição da catalogação original BR-BrBNA
Idioma da catalogação por
Instituição que transcreveu o registro Biblioteca Nacional de Agricultura
072 ## - CÓDIGO DE CATEGORIA DE ASSUNTO
Código de Categoria de Assunto S01; F01; Q04
090 ## - NÚMERO DE CHAMADA LOCAL
Número de chamada 0190 BR6005029
100 1# - ENTRADA PRINCIPAL--NOME PESSOAL
Nome pessoal Barreto, U.P.
110 1# - ENTRADA PRINCIPAL--NOME CORPORATIVO
Nome corporativo ou nome da jurisdição Departamento Nacional da Producao Vegetal, Rio de Janeiro, GB (Brasil). Div. de Fomento da Producao Vegetal
245 1# - TÍTULO
Título O Adlay na alimentacao nacional
260 3# - PUBLICAÇÃO, DISTRIBUIÇÃO, ETC.
Local de publicação, distribuição, etc. Rio de Janeiro, GB (Brasil):
Data da publicação, distribuição, etc. 1945.
300 ## - DESCRIÇÃO FÍSICA
Extensão 44 p.
490 ## - TÍTULO DA SÉRIE
Título da série S.D.A. - Ministerio da Agricultura. Servico de Documentacao (Brazil)
Número do volume ou designação sequencial da série no. 230
ISSN - International Standard Serial Number
500 ## - NOTA GERAL
Nota geral 15 illus.
650 ## - ASSUNTO--TERMO TÓPICO
Cabeçalho tópico ou nome geográfico Nutricao Humana
650 ## - ASSUNTO--TERMO TÓPICO
Cabeçalho tópico ou nome geográfico Adlay
650 ## - ASSUNTO--TERMO TÓPICO
Cabeçalho tópico ou nome geográfico Valor Nutritivo
909 ## -
-- 202312
-- Lúcia Elande
-- 55
-- Lúcia Elande
942 ## - ELEMENTOS DE ENTRADA ADICIONADOS (KOHA)
Fonte da classificação ou esquema de arquivamento na estante Classificação AGRIS
Ocultar no OPAC Não
Tipo de material Koha Monografia Seriada
Exemplares
Situação do descarte Fonte da classificação ou esquema de arquivamento na estante Situação física Não pode ser emprestado Coleção Biblioteca de origem Biblioteca atual Localização na estante Total de empréstimos Número de telefone completo Código de barras Data de último acesso Tipo de material Koha Fonte de aquisição
  Classificação AGRIS       Biblioteca Nacional de Agricultura - Binagri Biblioteca Nacional de Agricultura - Binagri Agrobase - Acervo Geral   0190 BR6005029 0190 BR6005029 18/12/2023 Monografia Seriada Portaria Interministerial nº 164/94

BINAGRI

Telefone: (61)3218-2567/2388/3357/2097 - binagri@agro.gov.br

Ministério da Agricultura e Pecuária , Esplanada dos Ministérios, Bloco D, Anexo B, Brasília/DF, CEP: 70.043-900